[Event "XVIII Open Nicolo' La Rosa"]
[Site "Mazara del Vallo ITA"]
[Date "2010.08.19"]
[Round "4"]
[White "Pandolfo, Sergio"]
[Black "D'Amico, Filippo"]
[Result "1/2-1/2"]
[WhiteElo "1649"]
[BlackElo "1482"]
[PlyCount "118"]
[EventDate "2010.08.18"]

1. d4 Nf6 2. Nf3 e6 3. e3 b6 4. Bd3 Be7 5. Nbd2 Bb7 6. O-O d5 7. Ne5 O-O 8. f4
Nbd7 9. Rf3 c5 10. c3 g6 11. Rh3 Kg7 12. Qf3 Rh8 13. g4 h5 14. gxh5 Rxh5 15.
Rxh5 Nxh5 16. Nf1 Nxe5 17. fxe5 cxd4 18. exd4 Bg5 19. Ng3 Nxg3 20. hxg3 Bxc1
21. Rxc1 Qg5 22. Rf1 Rf8 23. Qf6+ Qxf6 24. Rxf6 a6 25. a4 Rc8 26. Kg2 Rh8 27.
Be2 Kf8 28. Bg4 Bc8 29. Be2 Bb7 30. Rf1 Ke7 31. g4 Rh7 32. Kg3 Rh8 33. g5 Rh7
34. Rc1 Rh8 35. Rf1 Rh7 36. Rf2 Rh1 37. Rf1 Rxf1 38. Bxf1 Kd7 39. Kf3 a5 40.
Ke3 Kc7 41. Kd2 Bc6 42. b3 Kb7 43. Kc2 Kc7 44. Be2 Bb7 45. Kb2 Bc6 46. Ka3 Bb7
47. b4 Bc6 48. bxa5 bxa5 49. c4 Kd7 50. cxd5 Bxd5 51. Bb5+ Ke7 52. Kb2 Kd8 53.
Kc3 Ke7 54. Bc4 Kd8 55. Bxd5 exd5 56. Kd3 Ke7 57. Ke3 Kd7 58. Kf4 Ke6 59. Kg4
Kd7 1/2-1/2

[Event "XVIII Open Nicolo' La Rosa"]
[Site "Mazara del Vallo ITA"]
[Date "2010.08.19"]
[Round "4"]
[White "Roberti, Ignazio"]
[Black "Speciale, Francesco"]
[Result "0-1"]
[WhiteElo "1933"]
[BlackElo "1893"]
[PlyCount "44"]
[EventDate "2010.08.18"]

1. Nf3 Nf6 2. b4 e6 3. b5 a6 4. e3 axb5 5. Bxb5 c6 6. Be2 d5 7. O-O Bd6 8. d4
Ne4 9. Bb2 Nd7 10. Nbd2 O-O 11. c4 f5 12. cxd5 exd5 13. g3 Qf6 14. Re1 Qh6 15.
Bf1 Ndf6 16. Nxe4 fxe4 17. Ne5 Bxe5 18. dxe5 Ng4 19. h4 Rxf2 20. Bd4 Rf3 21.
Kg2 g5 22. Be2 Rxg3+ 0-1

[Event "XVIII Open Nicolo' La Rosa"]
[Site "Mazara del Vallo ITA"]
[Date "2010.08.19"]
[Round "4"]
[White "Savalla, Gianluca"]
[Black "Cassia, Giuseppe"]
[Result "1-0"]
[WhiteElo "1362"]
[BlackElo "1586"]
[PlyCount "109"]
[EventDate "2010.08.18"]

1. e4 c5 2. d3 Nc6 3. Nf3 d6 4. Be2 Nf6 5. Nc3 Bg4 6. Be3 e6 7. O-O Be7 8. Re1
O-O 9. h3 Bxf3 10. Bxf3 Re8 11. d4 cxd4 12. Bxd4 e5 13. Be3 a6 14. a4 Qc7 15.
Nd5 Nxd5 16. exd5 Nd4 17. Be4 Rac8 18. Rc1 Qc4 19. b3 Nxb3 20. Bd3 Qxa4 21.
cxb3 Rxc1 22. Bxc1 Qd4 23. Be3 Qc3 24. Bc4 Bd8 25. Qd2 Qxd2 26. Bxd2 Bb6 27.
Kf1 Rc8 28. f4 f6 29. Bb4 Bc5 30. Bxc5 Rxc5 31. fxe5 fxe5 32. Ke2 b5 33. Bd3
Rxd5 34. Ra1 e4 35. Bxe4 Re5 36. Kd3 Rc5 37. Rxa6 d5 38. Bf3 b4 39. Rb6 Kf7 40.
Kd4 Rc2 41. Bxd5+ Ke7 42. Rxb4 Rd2+ 43. Kc5 Rc2+ 44. Rc4 Rb2 45. b4 Kd7 46. b5
Kc7 47. Rb4 Rc2+ 48. Bc4 Rxg2 49. b6+ Kb8 50. b7 Rg6 51. Bd5 Ra6 52. Rf4 Ra5+
53. Kd6 Rb5 54. Rf8+ Ka7 55. Ra8+ 1-0

[Event "XVIII Open Nicolo' La Rosa"]
[Site "Mazara del Vallo ITA"]
[Date "2010.08.19"]
[Round "4"]
[White "Savalla, Pietro"]
[Black "Scali, Fausto"]
[Result "1/2-1/2"]
[WhiteElo "1583"]
[BlackElo "1971"]
[PlyCount "89"]
[EventDate "2010.08.18"]

1. e4 c5 2. Nf3 e6 3. d4 cxd4 4. Nxd4 a6 5. Nc3 Qc7 6. Be3 Nf6 7. Bd3 Be7 8.
O-O d6 9. Qf3 Nbd7 10. Rac1 Ne5 11. Qe2 b5 12. a3 Bb7 13. f3 O-O 14. Qf2 Nc4
15. Bxc4 Qxc4 16. Qe2 Rac8 17. Rfd1 Qxe2 18. Ndxe2 d5 19. exd5 Bxd5 20. Nxd5
Nxd5 21. Bd4 Bg5 22. Rb1 Rxc2 23. Nc3 Be3+ 24. Kh1 Bxd4 25. Nxd5 Rxb2 26. Nc7
Rxb1 27. Rxb1 g6 28. Nxa6 Ra8 29. Nc7 Rxa3 30. Nxb5 Rd3 31. Nxd4 Rxd4 32. Kg1
Rd2 33. h3 Kg7 34. Rb7 h5 35. h4 Rd4 36. g3 Rd2 37. Kf1 e5 38. Ra7 Kf6 39. Rb7
Ke6 40. Ra7 f5 41. Ra6+ Rd6 42. Ra5 e4 43. f4 Rd3 44. Kf2 e3+ 45. Ke2 1/2-1/2

[Event "XVIII Open Nicolo' La Rosa"]
[Site "Mazara del Vallo ITA"]
[Date "2010.08.20"]
[Round "5"]
[White "Bucca, Angelo"]
[Black "Savalla, Gianluca"]
[Result "1-0"]
[WhiteElo "1368"]
[BlackElo "1362"]
[PlyCount "71"]
[EventDate "2010.08.18"]

1. e4 e5 2. Nf3 Nf6 3. Nc3 Nc6 4. g3 Be7 5. Bg2 d6 6. d3 Be6 7. Be3 O-O 8. O-O
h6 9. Ne2 Qd7 10. d4 exd4 11. Nexd4 Nxd4 12. Qxd4 Bh3 13. e5 Nh7 14. exd6 Bxd6
15. Bxh3 Qxh3 16. Qh4 Qe6 17. Nd4 Qg6 18. Bf4 Bxf4 19. Qxf4 c5 20. Qf5 cxd4 21.
Qxg6 fxg6 22. Rad1 Rac8 23. Rd2 Ng5 24. Kg2 Rfd8 25. f4 Ne4 26. Re2 Nc5 27. f5
gxf5 28. Rxf5 d3 29. cxd3 Nxd3 30. Re7 Rc2+ 31. Kh3 Rxb2 32. Rff7 Rf2 33. Rxg7+
Kf8 34. Rxb7 Ne5 35. Rh7 Nf3 36. Rh8# 1-0

[Event "XVIII Open Nicolo' La Rosa"]
[Site "Mazara del Vallo ITA"]
[Date "2010.08.20"]
[Round "5"]
[White "Cassia, Giuseppe"]
[Black "Cangemi, Felice"]
[Result "1-0"]
[WhiteElo "1586"]
[BlackElo "1463"]
[PlyCount "61"]
[EventDate "2010.08.18"]

1. d4 d5 2. c4 c6 3. Nc3 Nf6 4. Nf3 Bf5 5. e3 e6 6. cxd5 cxd5 7. Bd3 Bg4 8. O-O
Be7 9. h3 Bh5 10. Qa4+ Nbd7 11. Ne5 O-O 12. g4 Bg6 13. Bxg6 fxg6 14. Bd2 Nxe5
15. dxe5 Nd7 16. f4 Nb6 17. Qd1 g5 18. Ne2 Nc4 19. b3 Nxd2 20. Qxd2 gxf4 21.
exf4 Bc5+ 22. Kg2 Qe7 23. Qd3 d4 24. Rac1 b6 25. Rc4 Rad8 26. Ng3 Qb7+ 27. Kh2
Qd5 28. Ne4 b5 29. Rxc5 Qb7 30. Ng5 g6 31. Nxe6 1-0

[Event "XVIII Open Nicolo' La Rosa"]
[Site "Mazara del Vallo ITA"]
[Date "2010.08.20"]
[Round "5"]
[White "Castelli, Giovanni J."]
[Black "Savalla, Pietro"]
[Result "1/2-1/2"]
[WhiteElo "1792"]
[BlackElo "1583"]
[PlyCount "92"]
[EventDate "2010.08.18"]

1. c4 e5 2. Nc3 Nf6 3. Nf3 Nc6 4. g3 g6 5. Bg2 Bg7 6. O-O O-O 7. d3 d6 8. a3
Re8 9. Qc2 Bf5 10. Nd2 Rb8 11. e3 Qd7 12. b4 Bh3 13. b5 Bxg2 14. Kxg2 Ne7 15.
e4 c6 16. Nf3 cxb5 17. Nxb5 a6 18. Nc3 Nc6 19. Be3 Rec8 20. Bb6 Ne7 21. Qa4
Qxa4 22. Nxa4 Nd7 23. Rab1 Nc6 24. Rb3 Bf6 25. Rfb1 Bd8 26. Bxd8 Nxd8 27. Nb6
Nxb6 28. Rxb6 Rc6 29. Ne1 Kf8 30. Nc2 Rbc8 31. Ne3 Rxb6 32. Rxb6 Rc6 33. Rb3
Ke7 34. Nd5+ Ke6 35. f4 f5 36. Kf3 Rc5 37. g4 b5 38. cxb5 axb5 39. Rxb5 Rc2 40.
Rb8 Nc6 41. gxf5+ gxf5 42. Rb6 Nd4+ 43. Kg3 Ne2+ 44. Kf3 Nd4+ 45. Kg3 Ne2+ 46.
Kf3 Nd4+ 1/2-1/2

[Event "XVIII Open Nicolo' La Rosa"]
[Site "Mazara del Vallo ITA"]
[Date "2010.08.20"]
[Round "5"]
[White "D'Amico, Filippo"]
[Black "Roberti, Ignazio"]
[Result "1-0"]
[WhiteElo "1482"]
[BlackElo "1933"]
[PlyCount "127"]
[EventDate "2010.08.18"]

1. c4 f5 2. Nf3 Nf6 3. Nc3 Nc6 4. d4 d5 5. cxd5 Nxd5 6. e3 e6 7. Bc4 Bb4 8. Bd2
O-O 9. O-O Kh8 10. Nxd5 exd5 11. Bb3 Bd6 12. Bc3 f4 13. Bxd5 fxe3 14. fxe3 Bg4
15. Qd2 Rf6 16. Bc4 Rh6 17. g3 Qe7 18. Rae1 Rd8 19. e4 Rf6 20. Qe3 Rdf8 21. Nd2
Nb4 22. Rxf6 gxf6 23. Rf1 c6 24. a3 Nd5 25. Bxd5 cxd5 26. Re1 Re8 27. e5 fxe5
28. dxe5 Bc5 29. Bd4 b6 30. b4 Qxe5 31. Bxc5 Qxe3+ 32. Bxe3 Kg8 33. Nb3 Bd7 34.
Bd2 Rc8 35. Re5 Ba4 36. Nd4 a5 37. bxa5 bxa5 38. Rxd5 Rc4 39. Bxa5 Rc1+ 40. Kg2
Rd1 41. Bb4 Kf7 42. Rd8 Kf6 43. Rf8+ Ke5 44. Rf4 Be8 45. Nf3+ Ke6 46. Ng5+ Kd7
47. Nxh7 Kc7 48. Nf6 Bc6+ 49. Ne4 Rd4 50. Kf2 Rxe4 51. Rxe4 Bxe4 52. Ke3 Bc6
53. g4 Kd7 54. Kf4 Ke6 55. Kg5 Kf7 56. Kh6 Kg8 57. h4 Ba4 58. g5 Bc2 59. g6 Kh8
60. Kg5 Kg7 61. h5 Bb3 62. h6+ Kh8 63. Bc3+ Kg8 64. h7+ 1-0

[Event "XVIII Open Nicolo' La Rosa"]
[Site "Mazara del Vallo ITA"]
[Date "2010.08.20"]
[Round "5"]
[White "Guarino, Giuseppe"]
[Black "Ferrante, Filippo"]
[Result "0-1"]
[WhiteElo "1515"]
[BlackElo "1619"]
[PlyCount "132"]
[EventDate "2010.08.18"]

1. e4 e6 2. d4 d5 3. e5 c5 4. c3 Nc6 5. Nf3 Qb6 6. Be2 cxd4 7. cxd4 Nh6 8. O-O
Nf5 9. Be3 Qxb2 10. Nbd2 Qa3 11. Nb3 Nxe3 12. fxe3 Qe7 13. Ne1 Bd7 14. Nc2 b6
15. Rf3 f6 16. exf6 gxf6 17. Rg3 O-O-O 18. Ba6+ Kb8 19. Rb1 Bc8 20. Qd3 Bxa6
21. Qxa6 Qb7 22. Qxb7+ Kxb7 23. Nc5+ Bxc5 24. dxc5 Rdg8 25. Rf3 Rg6 26. Nd4 e5
27. Nf5 Kc7 28. cxb6+ axb6 29. Re1 Kd7 30. Rf2 Rc8 31. Rc2 Na7 32. Rxc8 Nxc8
33. a4 Nd6 34. Ng3 Rg8 35. Nh5 Ne4 36. Rb1 Kc7 37. h4 Nd2 38. Rc1+ Kb7 39. Nxf6
Rg7 40. Nxd5 Nf3+ 41. Kh1 Nxh4 42. Rc2 Rg4 43. Rc7+ Ka6 44. Nc3 Nxg2 45. e4 Ne3
46. Rxh7 Nc4 47. Rd7 Rg6 48. Nb5 Ka5 49. Ra7+ Kb4 50. Nc7 Rg4 51. Nd5+ Kb3 52.
Nf6 Rf4 53. Rf7 Nd6 54. Rf8 Nxe4 55. Nd7 Rxf8 56. Nxf8 Kxa4 57. Nd7 b5 58. Nxe5
b4 59. Nd3 b3 60. Kg2 Kb5 61. Kf3 Nc5 62. Nb2 Kb4 63. Ke3 Kc3 64. Nd1+ Kc2 65.
Ke2 Kc1 66. Ne3 b2 0-1

[Event "XVIII Open Nicolo' La Rosa"]
[Site "Mazara del Vallo ITA"]
[Date "2010.08.20"]
[Round "5"]
[White "Isonzo, David"]
[Black "Campo, Renato"]
[Result "1-0"]
[WhiteElo "2357"]
[BlackElo "2002"]
[PlyCount "55"]
[EventDate "2010.08.18"]

1. e4 c5 2. Nf3 g6 3. d4 cxd4 4. Nxd4 Nc6 5. Nc3 Nf6 6. Be3 Bg7 7. Be2 O-O 8.
O-O d5 9. exd5 Nxd5 10. Nxd5 Qxd5 11. Bf3 Qc4 12. Nxc6 bxc6 13. c3 Be6 14. Qc2
a5 15. b3 Qb5 16. c4 Qa6 17. Rac1 Bf5 18. Be4 Bxe4 19. Qxe4 e6 20. Rfd1 Rfd8
21. Qh4 Qc8 22. Kf1 e5 23. Qe7 Re8 24. Qd7 Rd8 25. Qxc8 Raxc8 26. Bb6 Rxd1+ 27.
Rxd1 Bf8 28. Bxa5 1-0

[Event "XVIII Open Nicolo' La Rosa"]
[Site "Mazara del Vallo ITA"]
[Date "2010.08.20"]
[Round "5"]
[White "La Bella, Massimiliano"]
[Black "Ljubisavljevic, Zivojin Z."]
[WhiteElo "1996"]
[BlackElo "2271"]
[Result "1/2-1/2"]
[PlyCount "124"]
[EventDate "2010.08.18"]

1. e4 g6 2. d4 Bg7 3. Nf3 d6 4. Nc3 c5 5. dxc5 Qa5 6. Bb5+ Bd7 7. Bxd7+ Nxd7 8.
cxd6 Bxc3+ 9. bxc3 Qxc3+ 10. Bd2 Qc4 11. Be3 b6 12. Qd4 Qxd4 13. Bxd4 f6 14. e5
exd6 15. exd6 Nh6 16. O-O-O Kf7 17. Rhe1 Rhe8 18. h3 Nf5 19. Bb2 Rxe1 20. Rxe1
Re8 21. Rxe8 Kxe8 22. Nd4 Nxd6 23. Kd1 Nc4 24. Bc3 a5 25. Ke2 Nc5 26. Nb3 Ne4
27. Kd3 Ncd6 28. Bd4 a4 29. Nd2 Nxd2 30. Kxd2 b5 31. Kc3 Kd7 32. Kb4 Kc6 33.
Bxf6 Kd5 34. Be7 Nf5 35. Bc5 Kc6 36. c4 bxc4 37. Kxc4 Nh4 38. g3 Nf3 39. Be3 h5
40. h4 Ne5+ 41. Kb4 Ng4 42. Kxa4 Nxe3 43. fxe3 Kd5 44. Kb4 Ke4 45. a4 Kxe3 46.
a5 Kf3 47. a6 Kxg3 48. a7 Kxh4 49. a8=Q g5 50. Qg2 g4 51. Kc4 g3 52. Qf3 g2 53.
Qf2+ Kh3 54. Qg1 Kg3 55. Kd3 h4 56. Qe1+ Kh3 57. Qe3+ Kh2 58. Qf4+ Kh3 59. Qf3+
Kh2 60. Qf2 h3 61. Qf4+ Kh1 62. Qf3 Kh2 1/2-1/2

[Event "XVIII Open Nicolo' La Rosa"]
[Site "Mazara del Vallo ITA"]
[Date "2010.08.20"]
[Round "5"]
[White "Mancuso, Fabrizio"]
[Black "Imburgia, Giuseppe"]
[Result "0-1"]
[WhiteElo "1335"]
[BlackElo "1611"]
[PlyCount "34"]
[EventDate "2010.08.18"]

1. e4 e5 2. Nf3 Nc6 3. Bc4 Bc5 4. O-O Nf6 5. d4 Bxd4 6. Nxd4 Nxd4 7. Bg5 h6 8.
Bh4 g5 9. Bg3 d6 10. Nc3 Be6 11. Bb3 h5 12. Ba4+ c6 13. f4 gxf4 14. Bxf4 Qb6
15. Be3 Ng4 16. Qd3 Nxe3 17. Qxe3 Nxc2 0-1

[Event "XVIII Open Nicolo' La Rosa"]
[Site "Mazara del Vallo ITA"]
[Date "2010.08.20"]
[Round "5"]
[White "Messina, Damiano"]
[Black "Cerami, Giuseppe"]
[Result "1-0"]
[WhiteElo "2001"]
[BlackElo "1631"]
[PlyCount "99"]
[EventDate "2010.08.18"]

1. e4 e6 2. d4 d5 3. Nd2 Nf6 4. e5 Nfd7 5. Bd3 c5 6. c3 Nc6 7. Ne2 Qb6 8. Nf3
f6 9. exf6 Nxf6 10. O-O Bd6 11. dxc5 Bxc5 12. b4 Bd6 13. b5 Ne5 14. Nxe5 Bxe5
15. Bf4 Bxf4 16. Nxf4 O-O 17. Nh5 e5 18. Nxf6+ Qxf6 19. f3 Be6 20. Rc1 Rfc8 21.
Qd2 Rc7 22. Rfe1 Rac8 23. a4 d4 24. cxd4 exd4 25. Rxc7 Rxc7 26. Qe2 Re7 27. Qc2
g6 28. Qc5 b6 29. Qd6 Kf7 30. Re4 Rd7 31. Qc6 Re7 32. Qd6 Rd7 33. Qb8 Qd8 34.
Rf4+ Kg8 35. Qe5 Qe7 36. Rxd4 Rxd4 37. Qxd4 Qc5 38. Qxc5 bxc5 39. Kf2 c4 40.
Bc2 Kf7 41. Ke3 Ke7 42. Kd4 Kd6 43. Bd1 c3 44. Kxc3 Kc5 45. Be2 Bd7 46. f4 a6
47. bxa6 Bxa4 48. Bc4 Kb6 49. g4 Be8 50. g5 1-0

[Event "XVIII Open Nicolo' La Rosa"]
[Site "Mazara del Vallo ITA"]
[Date "2010.08.20"]
[Round "5"]
[White "Piazza, Dario"]
[Black "Pandolfo, Sergio"]
[Result "1/2-1/2"]
[WhiteElo "1662"]
[BlackElo "1649"]
[PlyCount "52"]
[EventDate "2010.08.18"]

1. e4 c5 2. Nc3 d6 3. f4 Nc6 4. Nf3 g6 5. Bc4 Bg7 6. O-O e6 7. Ne2 Nge7 8. c3
a6 9. d4 cxd4 10. cxd4 d5 11. exd5 Nxd5 12. Bxd5 exd5 13. Ne5 Qd6 14. Ng3 f6
15. Nxc6 Qxc6 16. Re1+ Kf7 17. Qf3 f5 18. Be3 Be6 19. Rac1 Qd7 20. Re2 Rac8 21.
Rce1 Rhe8 22. Bf2 Qd6 23. Nf1 Bd7 24. Qb3 Bb5 25. Rxe8 Rxe8 26. Rxe8 Kxe8
1/2-1/2

[Event "XVIII Open Nicolo' La Rosa"]
[Site "Mazara del Vallo ITA"]
[Date "2010.08.20"]
[Round "5"]
[White "Piazza, Francesco"]
[Black "Nocera, Alice"]
[Result "1-0"]
[WhiteElo "1392"]
[BlackElo "1389"]
[PlyCount "96"]
[EventDate "2010.08.18"]

1. d4 Nf6 2. Nf3 d5 3. e3 g6 4. Bd3 Bg4 5. Nbd2 Nbd7 6. c3 e6 7. h3 Bf5 8. Bxf5
exf5 9. c4 Bb4 10. cxd5 Nxd5 11. a3 Ba5 12. b4 Bb6 13. Nc4 a6 14. Bb2 O-O 15.
Rc1 Rc8 16. O-O Ba7 17. Na5 Rb8 18. Nb3 b6 19. Qe2 b5 20. Na5 Rb6 21. Nc6 Qa8
22. Nfe5 Nxe5 23. Nxe5 c6 24. Nd7 Re8 25. Nxb6 Bxb6 26. Qc2 Re6 27. Bc3 Bc7 28.
Bd2 f4 29. e4 Ne7 30. d5 Rd6 31. Bxf4 Rd7 32. Bxc7 Rxc7 33. d6 Rd7 34. dxe7 Rc7
35. Qd3 Qe8 36. Qd8 Rxe7 37. Qxe8+ Rxe8 38. Rfe1 Kg7 39. Rxc6 f5 40. f3 fxe4
41. fxe4 Ra8 42. e5 Kf7 43. e6+ Ke7 44. Rc7+ Kd6 45. Rd7+ Kc6 46. Rc1+ Kb6 47.
e7 Re8 48. Rcc7 a5 1-0

[Event "XVIII Open Nicolo' La Rosa"]
[Site "Mazara del Vallo ITA"]
[Date "2010.08.20"]
[Round "5"]
[White "Scali, Fausto"]
[Black "Bifulco, Michel"]
[Result "1/2-1/2"]
[WhiteElo "1971"]
[BlackElo "1952"]
[PlyCount "56"]
[EventDate "2010.08.18"]

1. e4 c5 2. Nf3 d6 3. d4 cxd4 4. Nxd4 Nf6 5. Nc3 g6 6. Be2 Bg7 7. O-O O-O 8.
Be3 Nc6 9. Nb3 Be6 10. f4 Nd7 11. f5 Bxb3 12. axb3 Nde5 13. Qd2 b6 14. Nd5 e6
15. fxe6 fxe6 16. Bg5 Qd7 17. Nf6+ Bxf6 18. Bxf6 Rac8 19. Rad1 Nf7 20. Bg4 Nce5
21. Bh3 Rfe8 22. c3 Qb5 23. b4 Rc7 24. Qf2 a5 25. bxa5 bxa5 26. Bxe5 dxe5 27.
Rd2 Qc6 28. Qf6 Rd7 1/2-1/2

[Event "XVIII Open Nicolo' La Rosa"]
[Site "Mazara del Vallo ITA"]
[Date "2010.08.20"]
[Round "5"]
[White "Speciale, Francesco"]
[Black "Lo Piccolo, Antonino"]
[Result "1/2-1/2"]
[WhiteElo "1893"]
[BlackElo "1879"]
[PlyCount "60"]
[EventDate "2010.08.18"]

1. e4 e5 2. Nf3 Nc6 3. Nc3 Nf6 4. d3 d5 5. Bg5 dxe4 6. Bxf6 Qxf6 7. Nxe4 Qd8 8.
c3 Be7 9. Qb3 Rb8 10. Be2 Be6 11. Qc2 O-O 12. Rd1 f5 13. Ned2 Bf6 14. b4 Qd7
15. Nb3 Bxb3 16. Qxb3+ Qf7 17. Nd2 Rbd8 18. Qxf7+ Rxf7 19. Nb3 e4 20. d4 Re7
21. Nc5 b6 22. Bc4+ Kh8 23. Ne6 Rd6 24. Nf4 Bg5 25. Nd5 Red7 26. h4 Bh6 27. Ne3
Bxe3 28. fxe3 Ne5 29. Be2 Ng6 30. g3 Ne7 1/2-1/2

[Event "XVIII Open Nicolo' La Rosa"]
[Site "Mazara del Vallo ITA"]
[Date "2010.08.20"]
[Round "6"]
[White "Bifulco, Michel"]
[Black "La Bella, Massimiliano"]
[Result "1/2-1/2"]
[WhiteElo "1952"]
[BlackElo "1996"]
[PlyCount "67"]
[EventDate "2010.08.18"]

1. d4 Nf6 2. c4 e6 3. Nf3 c5 4. e3 cxd4 5. exd4 d5 6. Nc3 Bb4 7. Bd2 O-O 8. a3
Bd6 9. cxd5 exd5 10. Bg5 Re8+ 11. Be2 Nbd7 12. Nxd5 Qa5+ 13. Nc3 Ne4 14. Bd2
Nxd2 15. Qxd2 Nf6 16. O-O Bg4 17. h3 Bd7 18. Rfe1 Rac8 19. Bd3 Qh5 20. Qg5
Rxe1+ 21. Rxe1 Qxg5 22. Nxg5 Bxa3 23. bxa3 Rxc3 24. Be4 h6 25. Nf3 Nxe4 26.
Rxe4 Rxa3 27. Re7 Bc6 28. Ne5 Bd5 29. Rd7 Ra5 30. Rd8+ Kh7 31. Rd7 f6 32. Ng4
Kg6 33. Ne3 Bc6 34. Rc7 1/2-1/2

[Event "XVIII Open Nicolo' La Rosa"]
[Site "Mazara del Vallo ITA"]
[Date "2010.08.20"]
[Round "6"]
[White "Bucca, Angelo"]
[Black "Speciale, Francesco"]
[Result "0-1"]
[WhiteElo "1368"]
[BlackElo "1893"]
[PlyCount "114"]
[EventDate "2010.08.18"]

1. e4 e6 2. d4 d5 3. e5 c5 4. c3 cxd4 5. cxd4 Ne7 6. Nf3 Nbc6 7. Nc3 a6 8. a3
Bd7 9. Be2 Nf5 10. Na4 b5 11. Nc5 Nfxd4 12. Nxd4 Bxc5 13. Nxc6 Bxc6 14. Qc2 Qb6
15. Be3 Bxe3 16. fxe3 Bd7 17. Qd3 Rc8 18. Qd4 Qxd4 19. exd4 Rc2 20. b4 O-O 21.
Bf3 Rfc8 22. O-O Rd2 23. Rfd1 Rxd1+ 24. Rxd1 Kf8 25. Be2 Rc2 26. Bd3 Ra2 27.
Rf1 g6 28. h4 Rxa3 29. Bc2 Rc3 30. Bb1 Rc4 31. Rf4 Rxb4 32. Bc2 Rb2 33. Bd3 a5
34. Rf1 Rd2 35. Bb1 Rxd4 36. Bc2 a4 37. Kh2 Rxh4+ 38. Kg3 Rc4 39. Bd3 Rc3 40.
Rd1 b4 41. Kf2 a3 42. Ke2 Rc5 43. Kd2 b3 44. Ra1 Ra5 45. Kc3 b2 46. Ra2 d4+ 47.
Kxd4 Rd5+ 48. Kc3 Rxd3+ 49. Kc2 Ba4+ 50. Kxd3 b1=Q+ 51. Ke3 Qxa2 52. Kd4 Qd5+
53. Ke3 Qxe5+ 54. Kd3 Ke7 55. Kd2 Qg3 56. Kc1 Qf2 57. Kb1 Qb2# 0-1

[Event "XVIII Open Nicolo' La Rosa"]
[Site "Mazara del Vallo ITA"]
[Date "2010.08.20"]
[Round "6"]
[White "Campo, Renato"]
[Black "La Bella, Roberto"]
[Result "0-1"]
[WhiteElo "2002"]
[BlackElo "2098"]
[PlyCount "56"]
[EventDate "2010.08.18"]

1. e4 e5 2. Nf3 Nc6 3. Bc4 Nf6 4. Ng5 d5 5. exd5 Na5 6. Bb5+ c6 7. dxc6 bxc6 8.
Bd3 Bc5 9. O-O O-O 10. Nc3 Bb6 11. h3 Re8 12. b4 Nb7 13. Qf3 Nd6 14. Nce4 Ndxe4
15. Bxe4 h6 16. Bxc6 hxg5 17. Bxa8 g4 18. Qa3 Bd7 19. Bb7 Qc7 20. Ba6 gxh3 21.
gxh3 e4 22. Be2 e3 23. dxe3 Bxh3 24. e4 Bxf1 25. Kxf1 Rxe4 26. Be3 Rxe3 27.
fxe3 Qg3 28. Rd1 Ne4 0-1

[Event "XVIII Open Nicolo' La Rosa"]
[Site "Mazara del Vallo ITA"]
[Date "2010.08.20"]
[Round "6"]
[White "Cerami, Giuseppe"]
[Black "Cassia, Giuseppe"]
[Result "1-0"]
[WhiteElo "1631"]
[BlackElo "1586"]
[PlyCount "95"]
[EventDate "2010.08.18"]

1. b4 e5 2. Bb2 d6 3. e3 Be6 4. Nf3 Nf6 5. c4 Bg4 6. Be2 Nbd7 7. a3 g6 8. d3
Bg7 9. O-O O-O 10. Nbd2 Re8 11. h3 Bxf3 12. Bxf3 c6 13. Rb1 d5 14. c5 a5 15.
Qc2 axb4 16. axb4 Qc7 17. Ra1 Ra6 18. d4 e4 19. Be2 Raa8 20. b5 cxb5 21. Bxb5
Rxa1 22. Rxa1 Rc8 23. Ra7 Qb6 24. Qa4 Qc7 25. Qb4 Rb8 26. Nb3 Bf8 27. Qa4 Qd8
28. Na5 Ra8 29. Nxb7 Rxa7 30. Qxa7 Qc7 31. Bc3 Bd6 32. Ba5 Bh2+ 33. Kh1 Qb8 34.
Qa6 Bc7 35. c6 Bxa5 36. Nxa5 Nb6 37. Qb7 Qxb7 38. cxb7 Nfd7 39. Bxd7 Nxd7 40.
Nc6 Kf8 41. b8=Q+ Nxb8 42. Nxb8 Ke7 43. Na6 f5 44. f4 h6 45. g4 g5 46. Kg2 Kf6
47. Nc7 fxg4 48. hxg4 1-0

[Event "XVIII Open Nicolo' La Rosa"]
[Site "Mazara del Vallo ITA"]
[Date "2010.08.20"]
[Round "6"]
[White "Ferrante, Filippo"]
[Black "Castelli, Giovanni J."]
[Result "1/2-1/2"]
[WhiteElo "1619"]
[BlackElo "1792"]
[PlyCount "47"]
[EventDate "2010.08.18"]

1. Nf3 Nf6 2. g3 d5 3. Bg2 c6 4. d3 Bf5 5. O-O h6 6. Nbd2 e6 7. c3 Nbd7 8. Re1
Be7 9. e4 dxe4 10. dxe4 Bh7 11. Re2 O-O 12. Qb3 Nc5 13. Qc2 Qd3 14. Qxd3 Nxd3
15. Nd4 Nxc1 16. Rxc1 Rfd8 17. e5 Nd5 18. Nc2 a5 19. Be4 a4 20. a3 Bxe4 21.
Nxe4 Ra5 22. Rd1 Raa8 23. Red2 g5 24. c4 1/2-1/2

[Event "XVIII Open Nicolo' La Rosa"]
[Site "Mazara del Vallo ITA"]
[Date "2010.08.20"]
[Round "6"]
[White "Guarino, Giuseppe"]
[Black "Mancuso, Fabrizio"]
[Result "1/2-1/2"]
[WhiteElo "1515"]
[BlackElo "1335"]
[PlyCount "129"]
[EventDate "2010.08.18"]

1. d4 Nf6 2. c4 e6 3. Nc3 d5 4. cxd5 exd5 5. Nf3 Bb4 6. a3 Ba5 7. b4 Bb6 8. e3
Bg4 9. Bd3 Nbd7 10. h3 Bh5 11. Bb2 Qe7 12. O-O Ne4 13. Nxd5 Qe6 14. Nf4 Bxf3
15. gxf3 Qh6 16. fxe4 g5 17. Qh5 Qg7 18. Nd5 O-O-O 19. Kh2 Rde8 20. Rg1 h6 21.
a4 a6 22. a5 Ba7 23. e5 c6 24. Rac1 Bb8 25. Bf5 Kd8 26. Bxd7 Kxd7 27. Nf6+ Qxf6
28. Rg2 Rhg8 29. Kg1 Qf5 30. Qg4 Qxg4 31. hxg4 Rh8 32. f4 Rh7 33. f5 Reh8 34.
Rd1 h5 35. e6+ fxe6 36. fxe6+ Ke7 37. d5 Rd8 38. e4 hxg4 39. Rxg4 Bh2+ 40. Kg2
Bf4 41. Bc3 Rh2+ 42. Kg1 Re2 43. Bd4 Rxe4 44. Bc5+ Kf6 45. Rg2 Rxd5 46. Rxd5
cxd5 47. e7 Be3+ 48. Bxe3 Rxe3 49. Rf2+ Kxe7 50. Rf5 Re4 51. Rxg5 Rxb4 52. Rxd5
Rb5 53. Rd3 Rxa5 54. Kf2 Ke6 55. Ke3 Rd5 56. Rb3 b5 57. Ke4 Rd6 58. Ra3 Rb6 59.
Kd4 Kd6 60. Ra5 b4 61. Kc4 b3 62. Ra1 a5 63. Kc3 Kc5 64. Rxa5+ Kc6 65. Kb2
1/2-1/2

[Event "XVIII Open Nicolo' La Rosa"]
[Site "Mazara del Vallo ITA"]
[Date "2010.08.20"]
[Round "6"]
[White "Ljubisavljevic, Zivojin Z."]
[Black "Isonzo, David"]
[Result "0-1"]
[WhiteElo "2271"]
[BlackElo "2357"]
[PlyCount "84"]
[EventDate "2010.08.18"]

1. e4 c5 2. Nf3 d6 3. Bb5+ Nd7 4. O-O a6 5. Bxd7+ Bxd7 6. d4 e6 7. Nc3 Ne7 8.
dxc5 dxc5 9. Bf4 Ng6 10. Bd6 Bxd6 11. Qxd6 Qe7 12. Rad1 Qxd6 13. Rxd6 Ke7 14.
Rfd1 Bc6 15. h4 Rab8 16. g3 h5 17. b3 Rhd8 18. Rxd8 Rxd8 19. Rxd8 Kxd8 20. Ng5
Ke7 21. f4 b5 22. a3 a5 23. e5 b4 24. axb4 cxb4 25. Nd1 f6 26. exf6+ gxf6 27.
Nh3 Kd6 28. Kf2 Kc5 29. Ke2 Kd4 30. Nhf2 Ne7 31. Kd2 Bf3 32. c3+ bxc3+ 33. Nxc3
Nf5 34. Nd3 Nxg3 35. b4 Ne4+ 36. Nxe4 Bxe4 37. Nc5 Bd5 38. Nd7 axb4 39. Nxf6
Bf3 40. Nd7 b3 41. Nb6 Bd5 42. Na4 Ke4 0-1

[Event "XVIII Open Nicolo' La Rosa"]
[Site "Mazara del Vallo ITA"]
[Date "2010.08.20"]
[Round "6"]
[White "Lo Piccolo, Antonino"]
[Black "Messina, Damiano"]
[Result "0-1"]
[WhiteElo "1879"]
[BlackElo "2001"]
[PlyCount "58"]
[EventDate "2010.08.18"]

1. e4 c5 2. c3 e6 3. d4 d5 4. exd5 exd5 5. Nf3 Nf6 6. Bb5+ Bd7 7. Qe2+ Be7 8.
O-O O-O 9. dxc5 Bxc5 10. Bg5 a6 11. Bxd7 Nbxd7 12. Nbd2 Re8 13. Qd3 Qc7 14. Nb3
Bf8 15. Rfe1 g6 16. Nbd4 Ne4 17. Be3 Ndf6 18. Re2 Nc5 19. Qc2 Re7 20. Rae1 Rae8
21. Nb3 Nce4 22. Bd4 Bh6 23. Qd3 Bf4 24. g3 Bh6 25. Nh4 Nh5 26. Ng2 Ng5 27.
Rxe7 Rxe7 28. Rxe7 Qxe7 29. Qe3 Nh3+ 0-1

[Event "XVIII Open Nicolo' La Rosa"]
[Site "Mazara del Vallo ITA"]
[Date "2010.08.20"]
[Round "6"]
[White "Pandolfo, Sergio"]
[Black "Imburgia, Giuseppe"]
[Result "1-0"]
[WhiteElo "1649"]
[BlackElo "1611"]
[PlyCount "83"]
[EventDate "2010.08.18"]

1. d4 d5 2. Nf3 Nf6 3. e3 Bf5 4. Bd3 Bxd3 5. Qxd3 e6 6. Qb5+ Nbd7 7. Qxb7 Bd6
8. Qa6 O-O 9. Nbd2 Ne4 10. Nxe4 dxe4 11. Nd2 f5 12. Nc4 Nb6 13. Nxd6 Qxd6 14.
b3 e5 15. Ba3 Qc6 16. c4 Rfd8 17. Bc5 f4 18. Rd1 Qg6 19. g3 Qg5 20. d5 Nd7 21.
Qe6+ Kh8 22. Be7 Qh5 23. Bxd8 Rxd8 24. Qe7 Rf8 25. gxf4 Rf7 26. Qg5 Qf3 27. Rg1
exf4 28. Qg4 fxe3 29. Qxf3 exf3 30. Rg3 Nc5 31. fxe3 Ne4 32. Rg4 Re7 33. Kf1
Nf6 34. Rf4 h6 35. Rxf3 Ng4 36. Rf8+ Kh7 37. Kg1 Nxe3 38. Re1 Re5 39. Kh1 a5
40. Rf3 Nxc4 41. Rxe5 Nxe5 42. Rc3 1-0